Cash management : (Record no. 129160)

MARC details
000 -LEADER
fixed length control field 00764nam a22002297a 4500
005 - DATE AND TIME OF LATEST TRANSACTION
control field 20170124110052.0
010 ## - LIBRARY OF CONGRESS CONTROL NUMBER
LC control number A-895860
020 ## - INTERNATIONAL STANDARD BOOK NUMBER
Terms of availability 00.00
International Standard Book Number 812241026
035 ## - SYSTEM CONTROL NUMBER
System control number A-895860
037 ## - SOURCE OF ACQUISITION
Source of stock number/acquisition Cen Lib/Ret
040 ## - CATALOGING SOURCE
Original cataloging agency DPL
Language of cataloging EN
082 ## - DEWEY DECIMAL CLASSIFICATION NUMBER
Classification number 657.72
Item number JOS
100 ## - MAIN ENTRY--PERSONAL NAME
Personal name Joshi, R.N.
9 (RLIN) 25596
245 ## - TITLE STATEMENT
Title Cash management :
Statement of responsibility, etc by R.N. Joshi
Remainder of title perspectives, principles and practice /
260 ## - PUBLICATION, DISTRIBUTION, ETC. (IMPRINT)
Place of publication, distribution, etc New Delhi
Name of publisher, distributor, etc New Age International Publishers
Date of publication, distribution, etc 1997
270 ## - ADDRESS
Address 4835/24,Ansari Road, Dariya Ganj
City New Delhi
Postal code 110002
300 ## - PHYSICAL DESCRIPTION
Extent xii, 248p.
Dimensions 21cm(Hb)
500 ## - GENERAL NOTE
General note Includes glossary, bibliographical references and index
650 ## - SUBJECT ADDED ENTRY--TOPICAL TERM
Topical term or geographic name as entry element Cash business
9 (RLIN) 25597
650 ## - SUBJECT ADDED ENTRY--TOPICAL TERM
Topical term or geographic name as entry element Business transaction
9 (RLIN) 25598
942 ## - ADDED ENTRY ELEMENTS (KOHA)
Source of classification or shelving scheme Dewey Decimal Classification
Koha item type English Books
Classification part 657.72
Call number suffix JOS
Holdings
Withdrawn status Lost status Damaged status Not for loan Home library Current library Date acquired Source of acquisition Cost, normal purchase price Total Checkouts Full call number Barcode Date last seen Copy number Cost, replacement price Price effective from Koha item type Public note
Written off       Central Library Central Library 04/07/2015 Cen Lib/Ret 0.00   657.72 JOS A-895860 04/07/2015 1 0.00 04/07/2015 English Books W/d List No. 6872/20 ; dtd 18/08/2020

© Delhi Public Library
Hit Counter
free hit counter